History Quiz

Random History or War Quiz
Score 0/55 Timer 10:00
0 Plays Today
# Name % Correct
1Batman
96.7%
54Darth Vader
90.6%
33The Mario Bros.
90.3%
21Adolph Hitler
90.1%
7Santa Claus
89.5%
40Barack Obama
88.8%
25Steve Jobs
88.3%
24Michael Jackson
87.3%
32Abraham Lincoln
87.3%
29Bruce Lee
87.2%
44Elvis Presley
87%
52Mr. T
86.8%
15Albert Einstein
86.2%
4Napoleon Bonaparte
85.5%
17Lady Gaga
85.3%
38Moses
85%
8Cleopatra
84.4%
22Hulk Hogan
84.4%
43Sarah Palin
83.7%
3Justin Bieber
83.1%
37Marilyn Monroe
83.1%
45Robin
82.9%
16Benjamin Franklin
81.7%
13The Easter Bunny
81.5%
18Gandalf the Grey
81.5%
19Bill Gates
81.3%
2Ludwig van Beethoven
79.6%
20Stephen Hawking
79.6%
# Name % Correct
55The Wright Bros.
79.6%
12Napoleon Dynamite
78.2%
27Kim Jong-il
78%
50William Shakespeare
77.6%
6The Cat in the Hat
77.4%
23Sherlock Holmes
77.2%
53Thing 1 and Thing 2
77.2%
14Clint Eastwood
76.7%
28Capt. James T. Kirk
76.3%
36Freddie Mercury
76.3%
30John Lennon
75.4%
5Dr. Emmett 'Doc' Brown
74.5%
34Master Chief
73%
11Albus Dumbledore
72.7%
47Mitt Romney
71.6%
39Chuck Norris
71%
31Leonidas
69.5%
35Billy Mays
69.4%
26Genghis Khan
69.2%
46Mister Rogers
68.6%
10The 10th Doctor
67.5%
9Christopher Columbus
64%
49Dr. Seuss
64%
48Randy Savage
63.5%
51Frank Sinatra
59.4%
42Bill O'Reilly
55.2%
41Vince Offer
49%

You're not logged in!

Compare scores with friends on all Sporcle quizzes.
OR
Log In

Sporcle TV

Today on Sporcle TV


Watch our educational content, quiz creation guides, and fun videos on Sporcle TV.

Show Comments

Extras

Top Quizzes Today


Score Distribution

Paid Content

Your Account Isn't Verified!

In order to create a playlist on Sporcle, you need to verify the email address you used during registration. Go to your Sporcle Settings to finish the process.

Report this User

Report this user for behavior that violates our Community Guidelines.

Details: